Statistiche per Passaporti per immagine #2

Clicka qui per fare il quiz!

Statistiche generali

  • Questo quiz è stato fatto 43 volte
  • Il punteggio medio è 8 su 15

Statistiche sulle risposte

Risposta% Corretto
Libano
91%
Australia
89%
Portogallo
89%
Turchia
89%
Messico
69%
Irlanda
57%
Paesi Bassi
49%
Marocco
43%
Argentina
40%
Germania
40%
Kenya
37%
Thailandia
31%
Singapore
20%
Cuba
11%
Taiwan
11%

Distribuzione punteggi

Percentile per numero di risposta

Percentuale di utenti per punteggio

I tuoi punteggi nel tempo

Non hai fatto questo quiz